Signes astrologiques par indices - Statistiques

Statistiques générales
  • Ce quiz a été pris 567 fois
  • Le résultat moyen est 10 sur 12
Statistiques - réponses
Hint Réponse % Correct
pèse-personne balance
97%
ville de France mal orthographiée lion
91%
seau vert en verlan verseau
90%
du bras droit selon Coluche cancer
88%
chez lui, Saturne pas rond capricorne
87%
Ailé taureau
87%
signe astral de mon ex sagittaire
86%
réalisateur du film "Les valseuses" avec une lettre en plus bélier
85%
Frédéric Dard scorpion
85%
elle n'a jamais vu le loup vierge
85%
à voile et à vapeur gémeaux
81%
farce d'avril poissons
74%
Aucun quiz correspondant
Distribution des résultats
% des personnes avec chaque résultat
Percentile par nombre de réponses
Votre historique - résultats
Vous n’avez pas pris ce quiz